000 00500nam a2200181Ia 4500
008 151018s9999 xx 000 0 und d
082 _bRBASDV10566
_a891.463
100 _aऊ ज शेळके
245 _aसाहेब
250 _b1
260 _bपुष्पक प्रकाशन पुणे
_c1975
300 _a488
600 _aऊ ज शेळके
630 _aसाहेब
700 _aऊ ज शेळके
730 _aसाहेब
942 _cBOOK
999 _c1012924
_d1012921